A la découverte de la Révolution française. (Record no. 6108)

MARC details
000 -LEADER
fixed length control field 00619nam a22002051 4500
001 - CONTROL NUMBER
control field af 48004552
003 - CONTROL NUMBER IDENTIFIER
control field DLC
005 - DATE AND TIME OF LATEST TRANSACTION
control field 20260227110908.0
008 - FIXED-LENGTH DATA ELEMENTS--GENERAL INFORMATION
fixed length control field 810928s1945 fr a 00000 fre
010 ## - LIBRARY OF CONGRESS CONTROL NUMBER
LC control number af 48004552 //r81
043 ## - GEOGRAPHIC AREA CODE
Geographic area code e-fr---
050 0# - LIBRARY OF CONGRESS CALL NUMBER
Classification number DC149
Item number .G3
082 0# - DEWEY DECIMAL CLASSIFICATION NUMBER
Classification number 944.04
Edition number 19
100 10 - MAIN ENTRY--PERSONAL NAME
Personal name Gaillard, Jean,
Dates associated with a name 1879-
245 10 - TITLE STATEMENT
Title A la découverte de la Révolution française.
Statement of responsibility, etc. Illus. de Jacqueline Gaillard.
260 0# - PUBLICATION, DISTRIBUTION, ETC.
Place of publication, distribution, etc. Paris,
Name of publisher, distributor, etc. Éditions ouvrières
Date of publication, distribution, etc. [1945]
300 ## - PHYSICAL DESCRIPTION
Extent 2 v.
Other physical details illus.
Dimensions 18 cm.
440 #0 - SERIES STATEMENT/ADDED ENTRY--TITLE
Title Collection A la découverte de ...
651 #0 - SUBJECT ADDED ENTRY--GEOGRAPHIC NAME
Geographic name France
General subdivision History
Chronological subdivision Revolution, 1789-1799.

No items available.

Powered by Koha